| Поле | Название | Значение |
| |
Тип записи |
a |
| |
Библиографический уровень |
m |
| 001 |
Контрольный номер |
05d3188844fd4b7aaf63222f401df7e4 |
| 005 |
Дата корректировки |
20210215115507.0 |
| 010 |
Индекс ISBN |
__ |
| a |
ISBN |
978-5-04-096200-6 |
| d |
Цена |
266-20 |
| 100 |
Данные общей обработки |
__ |
| a |
Данные общей обработки |
20210215d2018####am#y0rusy50######ca |
| 101 |
Язык документа |
0_ |
| a |
Язык текста |
rus |
| 102 |
Страна публикации |
__ |
| a |
Страна публикации |
RU |
| 200 |
Заглавие и сведения об ответственности |
1_ |
| a |
Заглавие |
Поколение селфи |
| e |
Сведения, относящиеся к заглавию |
[кто такие миллениалы и как найти с ними общий язык |
| e |
Сведения, относящиеся к заглавию |
книга-гид по психологии молодых индивидуалистов |
| e |
Сведения, относящиеся к заглавию |
для родителей, руководителей и самих миллениалов] |
| f |
Первые сведения об ответственности |
Джин М. Твендж, доктор психологических наук |
| g |
Последующие сведения об ответственности |
перевод с английского Е. Деревянко |
| 210 |
Выходные данные |
1_ |
| a |
Место издания |
Москва |
| c |
Издательство |
Эксмо |
| c |
Издательство |
Бомбора™ |
| d |
Дата издания |
2018 |
| 215 |
Физическое описание |
__ |
| a |
Объем |
328, [1] с. |
| 320 |
Библиография |
__ |
| a |
Библиография |
Библиография в тексте примечаний: с. 283-322 |
| 320 |
Библиография |
__ |
| a |
Библиография |
Алфавитно-предметный указатель: с. 327-329 |
| 330 |
Аннотация |
__ |
| a |
Аннотация |
Прочитав эту книгу, вы научитесь: понимать потребности поколения селфи; определять сильные и слабые стороны ваших коллег-миллениалов; выстраивать с ними эффективную коммуникацию, избегая конфликтов и недопонимания; уважать ценности тех, кто от вас отличается. Книга для руководителей, топ-менеджеров и эйчаров, которые каждый день взаимодействуют с представителями поколения селфи, родителей миллениалов, стремящихся сблизиться со своими детьми, самих представителей поколения селфи, желающих лучше понимать себя и своих ровесников. |
| 333 |
Примечание о целевом назначении |
__ |
| a |
Примечание о целевом назначении |
16+ |
| 606 |
Тематические рубрики |
__ |
| a |
Основная рубрика |
Психология |
| 606 |
Тематические рубрики |
__ |
| a |
Основная рубрика |
Психология общества |
| 610 |
Ключевые слова |
0_ |
| a |
Ключевые слова |
миллениалы |
| a |
Ключевые слова |
поколения в обществе |
| a |
Ключевые слова |
межличностные взаимодействия |
| a |
Ключевые слова |
общественное сознание |
| a |
Ключевые слова |
организационная культура |
| 686 |
Индексы других классификаций |
__ |
| a |
Индекс ББК |
88.52 |
| 700 |
Автор |
_1 |
| a |
Фамилия |
Твендж |
| b |
Имя |
Д. М. |
| g |
Полное личное имя |
Джин М. |
| 702 |
Вторичная интеллектуальная ответственность |
_1 |
| a |
Фамилия |
Деревянко |
| b |
Имя |
Е. |
| 801 |
Источник записи |
_0 |
| a |
Страна |
RU |
| b |
Организация |
Центральная районная библиотека им. Г. А. Пирожникова |
| c |
Дата составления |
20210215 |
| g |
Правила каталогизации |
bzbo |
| 801 |
Источник записи |
_1 |
| a |
Страна |
RU |
| b |
Организация |
Центральная районная библиотека им. Г. А. Пирожникова |
| c |
Дата составления |
20210215 |
| g |
Правила каталогизации |
bzbo |
| 852 |
Данные о местонахождении |
__ |
| j |
Шифр хранения |
88.52 |
| i |
Авторский знак |
Т 261 |
| 901 |
Тип документа |
__ |
| t |
Тип документа |
m |
| 902 |
Роль лиц |
__ |
| a |
Создатель БЗ |
ОКиО/Шумских |